000 00843nmm a2200277 a 4500
001 ocm000552743
003 TR-IsHL
005 20201028123115.0
008 110704s2009 tu tur
007 cr cn
020 _a9789756743607
035 _a552743
_b(N$T)
050 0 4 _aBP189
_b.M65 2009
090 0 4 _aBP189
_b.M65 2009
100 1 _aCami, Molla
245 1 0 _aSufilere armağan: tuhfetu'l- ahrar
_h[electronic resource] /
_cMolla Cami
250 _a1. bs.
260 _aİstanbul :
_bKurtuba Yayınları,
_c2009
300 _a214 p.
650 4 _aFelsefe, Psikoloji ve Din
650 4 _aPhilosophy, Psychology and Religion
650 0 _aSufizm
650 0 _aSufism
650 7 _aRELIGION / Islam / Sufi
_2bisacsh
856 4 0 _uhttp://search.ebscohost.com/login.aspx?direct=true&scope=site&db=e011xww&AN=552743
999 _c2226
_d2226